Same Start - Different Country Quiz Stats

 Plays Quiz Updated Sep 5, 2019

Score 0/23 Timer 06:00
7 Plays Today
Number of Countries First Three Letters % Correct
3UNI
86.7%
2AUS
84.6%
3SOU
84.5%
3NOR
82.4%
2CHI
81.9%
2IND
76.2%
3BEL
69.1%
5MAL
66%
2IRA
65.8%
2TUR
60.8%
3MON
60.4%
2GRE
56.4%
Number of Countries First Three Letters % Correct
2NIG
55.7%
2CAM
54.3%
2GUI
51.1%
2SLO
45.1%
2LIB
45%
2BAH
44.3%
2DOM
44.1%
3SAI
37.9%
2MAU
37.7%
2PAL
37.6%
2*BUR
36.4%

You're not logged in!

Compare scores with friends on all Sporcle quizzes.
OR
Log In

Sporcle TV

Today on Sporcle TV


Watch our educational content, quiz creation guides, and fun videos on Sporcle TV.

Show Comments

Extras

Top Quizzes Today


Score Distribution

Your Account Isn't Verified!

In order to create a playlist on Sporcle, you need to verify the email address you used during registration. Go to your Sporcle Settings to finish the process.

Report this User

Report this user for behavior that violates our Community Guidelines.

Details: